Statistics for Things that Have Been Banned in China

Click here to take the quiz!

General Stats

  • This quiz has been taken 31,594 times
    (13,519 since last reset)
  • The average score is 13 of 20

Answer Stats

HintAnswer% Correct
References to this island as an independent nationTaiwan
96%
This website founded by Mark ZuckerbergFacebook
94%
This video site owned by GoogleYoutube
90%
This online encyclopediaWikipedia
89%
Having more than one of these (until 2016)Children
87%
References to the independence of this mountainous regionTibet
85%
Films that refer to time travel such as this 1985 movieBack to the Future
82%
References to this 1989 massacreTiananmen Square
78%
Trading or "mining" this (banned in 2021)Cryptocurrency
76%
Comparisons of this lovable children's bear to the current leader of ChinaWinnie-the-Pooh
73%
This George Orwell book about Communist pigsAnimal Farm
70%
This 2009 movie, the top-grossing of all time, because it was too popularAvatar
68%
This movie about two gay cowboysBrokeback Mountain
68%
This Canadian singer, for "bad behavior"Justin Bieber
67%
Worshiping this religious figure who fled to India in 1959Dalai Lama
64%
This "rebirth" into a new corporeal form (without government approval)Reincarnation
36%
This white flower that is often used to flavor green teaJasmine
35%
This grey-haired actor who has often campaigned for the independence of the aboveRichard Gere
29%
The album "Chinese Democracy" by this American rock bandGuns N' Roses
27%
This religious and exercise movementFalun Gong
18%

Score Distribution

Percentile by Number Answered

Percent of People with Each Score

Your Score History

You have not taken this quiz since the last reset